[Event "Politiken Cup 24th"]
[Site "Copenhagen"]
[Date "2002.07.21"]
[Round "7"]
[White "Bilfeldt, Anders"]
[Black "Raunkjaer, Jonas"]
[Result "1/2-1/2"]
[WhiteElo "1287"]
[BlackElo "1702"]
[PlyCount "65"]
[EventDate "2002.07.15"]
[EventType "swiss"]
[EventRounds "11"]
[EventCountry "DEN"]
[SourceTitle "CBM 089 Extra"]
[Source "ChessBase"]
[SourceDate "2002.09.10"]
[SourceVersion "2"]
[SourceVersionDate "2002.09.10"]
[SourceQuality "1"]

1. d4 Nf6 2. c4 g6 3. Nc3 d5 4. cxd5 Nxd5 5. e4 Nxc3 6. bxc3 Bg7 7. Bc4 c5 8. Ne2 Nc6 9. Be3 0-0 10. Rc1 Na5 11. Bb3 Nxb3 12. axb3 cxd4 13. Bxd4 b6 14. 0-0 Ba6 15. Re1 e5 16. Be3 Qd3 17. Qxd3 Bxd3 18. f3 Rfd8 19. c4 Bxe2 20. Rxe2 Bf8 21. Ra2 Rdb8 22. Rd1 Rb7 23. Kf1 a5 24. Rd5 f6 25. Rb5 Rab8 26. Rd2 Kf7 27. Rdd5 Ke6 28. f4 exf4 29. Bxf4 Rc8 30. Be3 a4 31. c5 axb3 32. Rxb3 b5 33. Ke2 1/2-1/2

[Event "Politiken Cup 24th"]
[Site "Copenhagen"]
[Date "2002.07.19"]
[Round "5"]
[White "Bilfeldt, Anders"]
[Black "Manley, Christian"]
[Result "1-0"]
[WhiteElo "1287"]
[BlackElo "1469"]
[PlyCount "59"]
[EventDate "2002.07.15"]
[EventType "swiss"]
[EventRounds "11"]
[EventCountry "DEN"]
[SourceTitle "CBM 089 Extra"]
[Source "ChessBase"]
[SourceDate "2002.09.10"]
[SourceVersion "2"]
[SourceVersionDate "2002.09.10"]
[SourceQuality "1"]

1. d4 d5 2. c4 e6 3. Nc3 Nf6 4. Bg5 Be7 5. e3 0-0 6. Nf3 c6 7. cxd5 exd5 8. Qc2 Be6 9. Bd3 Nbd7 10. Bf4 h6 11. 0-0 Nh5 12. Bg3 Ndf6 13. Ne2 Qd7 14. Rac1 Ng4 15. Nf4 Nxg3 16. hxg3 Bd6 17. Nxe6 fxe6 18. Qe2 h5 19. Bg6 Rf6 20. Bxh5 e5 21. Nh4 Nh6 22. dxe5 Bxe5 23. Rc2 Qd6 24. f4 Raf8 25. Rcc1 Nf5 26. fxe5 Nxg3 27. exd6 Nxe2+ 28. Bxe2 Rxd6 29. Rxf8+ Kxf8 30. Rf1+ 1-0